000 00367pab a2200145 454500
008 180718b1990 xxu||||| |||| 00| 0 eng d
100 _aOmvedt, gail
245 _a`Twice - Born' riot against democracy
260 _c1990
300 _a2195-2201
362 _a29 Sep.
650 _aBackward Classes - India
773 _aEconomic and Political Weekly
909 _a4571
999 _c4571
_d4571